| 000 | 00400nam a2200157Ia 4500 | ||
|---|---|---|---|
| 008 | 230524s9999 xx 000 0 und d | ||
| 082 |
_a620.054 _bCRI |
||
| 100 | _aDale Carnegie | ||
| 245 | 0 | _aHow to Win Friends and Influence People | |
| 250 | _a1ST | ||
| 260 |
_aNEW DELHI _bSulabh Pub _c2003 |
||
| 300 | _aII316 | ||
| 500 | _aQuantity Number: 2 | ||
| 650 |
_aMiscellaneous _91877 |
||
| 942 | _cBK | ||
| 999 |
_c33655 _d33655 |
||